00326nam a22000977a 4500008004100000082001300041100002500054245008500079260005500164300000900219230703b xxu||||| |||| 00| 0 eng d a352bWAL cAnnmarie Hauck Walsh aThe Urban Challege to GovernmentbAn International comparison of Thirteen Cities aNew YorkbInstitute of public Administrationc1969 a294p